「三」がつく市区町村名 - Statistics

General Stats
  • This quiz has been taken 26 times
  • The average score is 25 of 31
Answer Stats
都道府県または地方名 市町村名もしくは県名 % Correct
近畿地方 三重県
100%
東京都 三鷹市
92%
新潟県 三条市
92%
兵庫県 三木市
92%
兵庫県 三田市
92%
広島県 三原市
92%
青森県 三戸町
92%
香川県 三木町
92%
高知県 三原村
92%
神奈川県 三浦市
88%
徳島県 三好市
88%
静岡県 三島市
84%
広島県 三次市
84%
福島県 三島町
84%
埼玉県 三芳町
84%
奈良県 三宅町
84%
東京都 三宅村
84%
鹿児島県 三島村
84%
北海道 三笠市
80%
埼玉県 三郷市
80%
青森県 三沢市
76%
香川県 三豊市
72%
奈良県 三郷町
72%
山形県 三川町
68%
山梨県 市川三郷町
68%
栃木県 上三川町
64%
宮城県 南三陸町
60%
秋田県 三種町
56%
福島県 三春町
56%
鳥取県 三朝町
52%
宮崎県 三股町
52%
No matching quizzes found
Score Distribution
Percent of People with Each Score
Percentile by Number Answered
Your Score History
You have not taken this quiz